[Event "Championnat 82"]
[Site "Saint-Antonin Noble val"]
[Date "2024.03.02"]
[Round "1.1"]
[White "GELFERT, Yann"]
[Black "TABONE, Yves"]
[Result "1-0"]
[WhiteElo "1859"]
[BlackElo "1666"]

1. e4 d6 2. d4 Nf6 3. Nc3 Nbd7 4. Be3 e5 5. Nf3 Be7 6. h3 c6 7. Bd3 b5 8. 
O-O O-O 9. Ne2 exd4 10. Nexd4 Qc7 11. Rc1 Nc5 12. Nd2 Re8 13. b4 Nxd3 14. 
cxd3 c5 15. bxc5 dxc5 16. Nxb5 Qd7 17. a4 a6 18. Nc3 Qxd3 19. Qc2 Qxc2 20.
 Rxc2 Bd7 21. Rb1 Rab8 22. Rcb2 Rb4 23. e5 Nh5 24. Nd5 Rxb2 25. Rxb2 g6 
26. Rb7 Bxa4 27. Nxe7+ Kh8 28. Bxc5 Nf4 29. Nf3 Bb5 30. Be3 Nd3 31. Bg5 
Kg7 32. Bf6+ Kh6 33. g4 Nf4 34. Bg5+ Kg7 35. Bxf4 h6 36. Nd4 Bd3 37. g5 h5
38. h4 Ra8 39. Nec6 Kf8 40. e6 fxe6 41. Nxe6+ Kg8 42. Rg7+ Kh8 43. Be5 1-0

[Event "Championnat 82"]
[Site "Saint-Antonin Noble val"]
[Date "2024.03.02"]
[Round "1.3"]
[White "FOL, Jean-Baptiste"]
[Black "PAGES, Philippe"]
[Result "1-0"]
[WhiteElo "1806"]
[BlackElo "1455"]

1. c4 g6 2. g3 c6 3. Nf3 Bg7 4. d4 d6 5. Nc3 Bg4 6. Bg2 Nf6 7. b4 a6 8. 
O-O Qc8 9. Qd3 Bf5 10. e4 Bg4 11. Nh4 e5 12. d5 Bd7 13. Be3 c5 14. a3 b6 
15. Rfc1 Ng4 16. Bd2 O-O 17. h3 Nh6 18. Kh2 f5 19. exf5 Nxf5 20. Nxf5 Bxf5
21. Ne4 Rf7 22. Qe2 Qf8 23. Rf1 Nd7 24. Rac1 Nf6 25. Ng5 Rd7 26. Ne6 Qf7 
27. Rce1 Bxe6 28. dxe6 Qxe6 29. Bxa8 Kh8 30. Qd3 d5 31. cxd5 Nxd5 32. Qe2 
cxb4 33. axb4 Nc7 34. Bf3 Nb5 35. Bg4 Qd6 36. Bxd7 Qxd7 37. Qe4 Bf6 38. 
Rd1 Qe8 39. f4 Nd6 40. Qd5 Nf5 41. Rfe1 Ne7 42. Qe6 Kg7 43. fxe5 Qf8 44. 
exf6+ 1-0

[Event "Championnat 82"]
[Site "Saint-Antonin Noble val"]
[Date "2024.03.02"]
[Round "1.5"]
[White "GUESDON, Joël"]
[Black "AUPETIT, Franck"]
[Result "1-0"]
[WhiteElo "1745"]
[BlackElo "1199"]

1. e4 e6 2. d4 d5 3. Nc3 Bb4 4. e5 b6 5. Be3 Bb7 6. a3 Bxc3+ 7. bxc3 Nd7 
8. f4 f5 9. Nf3 h6 10. g3 Qe7 11. Be2 O-O-O 12. Nh4 Nf8 13. Bh5 g5 14. Ng2
Qg7 15. Be2 Ne7 16. O-O g4 17. a4 h5 18. c4 dxc4 19. Bxc4 Bxg2 20. Kxg2 
Qh6 21. Qe2 h4 22. Rh1 hxg3 23. hxg3 Qg7 24. Rxh8 Qxh8 25. Rh1 Qg7 26. c3 
Qf7 27. a5 Nfg6 28. Kg1 Rh8 29. Rxh8+ Nxh8 30. Qg2 c6 31. axb6 axb6 32. 
Qa2 Nd5 33. Bxd5 cxd5 34. Qa8+ Kc7 35. Qxh8 Qe7 36. Qa8 Qd8 37. Qa7+ Kc6 
38. Qa4+ b5 39. Qa6+ Qb6 40. Qc8+ Qc7 41. Qxe6+ Kb7 42. Qxd5+ Ka6 43. Qd6+
1-0

[Event "Championnat 82"]
[Site "Saint-Antonin Noble val"]
[Date "2024.03.02"]
[Round "2.1"]
[White "DELPECH, Xavier"]
[Black "GELFERT, Yann"]
[Result "0-1"]
[WhiteElo "1683"]
[BlackElo "1859"]

1. d4 Nf6 2. Nc3 g6 3. e4 d6 4. f4 Bg7 5. Nf3 O-O 6. Be3 Ng4 7. Bd2 e5 8. 
d5 exf4 9. Bxf4 Nd7 10. h3 Nge5 11. Qd2 Nxf3+ 12. gxf3 Qh4+ 13. Ke2 f5 14.
 Re1 fxe4 15. Bg5 exf3+ 16. Kd1 Qb4 17. Kc1 Ne5 18. Re4 Qa5 19. Be3 c5 20.
 dxc6 bxc6 21. Qxd6 Bf5 22. Ra4 Qd8 23. Qxd8 Rfxd8 24. Rxa7 Rxa7 25. Bxa7 
Bh6+ 26. Kb1 Rd2 27. Bb8 Rxc2 28. Bc4+ Nxc4 29. Ka1 Bg7 30. Rf1 Rxc3 0-1

[Event "Championnat 82"]
[Site "Saint-Antonin Noble val"]
[Date "2024.03.02"]
[Round "2.3"]
[White "HADDAB, Roland"]
[Black "GUESDON, Joël"]
[Result "1-0"]
[WhiteElo "1771"]
[BlackElo "1745"]

1. e4 c5 2. Nf3 Nc6 3. c3 e6 4. d4 cxd4 5. cxd4 d5 6. e5 g6 7. Bg5 Be7 8. 
Bxe7 Ngxe7 9. Bd3 Qb6 10. Nc3 Bd7 11. O-O Nxd4 12. Rb1 Nxf3+ 13. Qxf3 O-O 
14. h4 Qd8 15. Ne2 Nc6 16. Qg3 f5 17. Rfe1 Kh8 18. Nf4 Qe7 19. Nh3 Rg8 20.
 f4 h6 21. Be2 Raf8 22. Rbc1 Rf7 23. a3 a6 24. Qf2 Qd8 25. g4 fxg4 26. 
Bxg4 g5 27. hxg5 hxg5 28. Nxg5 Rxg5 29. Qh4+ Rh7 30. Qxg5 Qb6+ 31. Kg2 Rg7
32. Qh6+ Kg8 33. Rh1 Qxb2+ 34. Kf3 Qxa3+ 35. Kf2 Qb2+ 36. Be2 Qd4+ 37. Kf1
Qe4 38. Qh8+ Kf7 39. Bh5+ Rg6 40. Qf6+ 1-0

[Event "Championnat 82"]
[Site "Saint-Antonin Noble val"]
[Date "2024.03.02"]
[Round "2.4"]
[White "VERDON, Pierre"]
[Black "POULAIN D'ANCELY, Chloé"]
[Result "1-0"]
[WhiteElo "1843"]
[BlackElo "1427"]

1. d4 Nf6 2. Nf3 g6 3. c4 d6 4. Nc3 Bg7 5. e4 Bg4 6. Qb3 Bxf3 7. gxf3 Nc6 
8. Be3 Rb8 9. O-O-O Nd7 10. h4 h5 11. f4 e5 12. fxe5 dxe5 13. dxe5 Ncxe5 
14. Bh3 O-O 15. f4 Ng4 16. Bxg4 hxg4 17. h5 Qe7 18. hxg6 fxg6 19. c5+ Rf7 
20. c6 Nc5 21. Bxc5 Qxc5 22. Rd7 Qe3+ 23. Kb1 Qxf4 24. Rhd1 b6 25. a3 Bxc3
26. Qxc3 Qxe4+ 27. Ka1 Rbf8 28. R7d4 Qe6 29. Rh1 Rf1+ 30. Rd1 Rxh1 31. 
Rxh1 Qf6 32. Qc4+ Qf7 33. Qxg4 Qf5 34. Qh4 Qf1+ 35. Rxf1 Rxf1+ 36. Ka2 Rg1
37. Qd8+ Kg7 38. Qxc7+ Kh6 1-0

[Event "Championnat 82"]
[Site "Saint-Antonin Noble val"]
[Date "2024.03.02"]
[Round "2.5"]
[White "TABONE, Yves"]
[Black "DERVINS, Stéphane"]
[Result "1-0"]
[WhiteElo "1666"]
[BlackElo "1485"]

1. e4 e5 2. Nf3 Nc6 3. Bc4 Nf6 4. d3 d6 5. Ng5 Be6 6. Nxe6 fxe6 7. Bxe6 
Nd4 8. Bh3 Be7 9. c3 Nc6 10. Qb3 Rf8 11. Qxb7 Na5 12. Qa6 c6 13. b4 Nh5 
14. Qxa5 Nf4 15. Bxf4 Rxf4 16. Qa6 Kf8 17. O-O Kg8 18. Nd2 Rc8 19. Bxc8 
1-0

[Event "championnat du 82"]
[Site "Saint-Antonin Noble val"]
[Date "2024.03.02"]
[Round "2.6"]
[White "PAGES, Philippe"]
[Black "MARTY, Sylvain"]
[Result "1-0"]
[WhiteElo "1455"]
[BlackElo "1199"]

1. c4 c5 2. Nc3 e6 3. e4 Ne7 4. g3 g6 5. d3 Bg7 6. Bg2 O-O 7. Bg5 f6 8. 
Bf4 e5 9. Be3 b6 10. Nb5 d6 11. Qd2 g5 12. h4 h6 13. Nc3 Be6 14. Nf3 Nbc6 
15. hxg5 h5 16. Rxh5 Bg4 17. Rh2 Kf7 18. gxf6 Bxf6 19. Rh7+ Bg7 20. Ng5+ 
Kg8 21. f3 Qd7 22. fxg4 Qxg4 23. Ne2 Rf6 24. Bh3 Qxe2+ 25. Qxe2 Raf8 26. 
O-O-O Nb4 27. Kb1 Nbc6 28. Qh5 Rh6 29. Be6+ Rf7 30. Qxf7# 1-0

[Event "Championnat 82"]
[Site "Saint-Antonin Noble val"]
[Date "2024.03.02"]
[Round "3.1"]
[White "GELFERT, Yann"]
[Black "HADDAB, Roland"]
[Result "1-0"]
[WhiteElo "1859"]
[BlackElo "1771"]

1. e4 b6 2. Nf3 e6 3. d4 Bb7 4. Bd3 c5 5. c3 cxd4 6. cxd4 Bb4+ 7. Nbd2 Nf6
8. Qe2 O-O 9. O-O d5 10. e5 Nfd7 11. Nb1 Re8 12. Bxh7+ Kh8 13. Bd3 f5 14. 
exf6 Nxf6 15. Ne5 Nc6 16. Nxc6 Bxc6 17. Bf4 a6 18. Nd2 Bxd2 19. Qxd2 Ra7 
20. Rac1 Ba8 21. Bg6 Ree7 22. Qd3 Kg8 23. Qh3 Kf8 24. Rc3 1-0

[Event "Championnat 82"]
[Site "Saint-Antonin Noble val"]
[Date "2024.03.02"]
[Round "3.3"]
[White "GUESDON, Joël"]
[Black "PAGES, Philippe"]
[Result "1-0"]
[WhiteElo "1745"]
[BlackElo "1455"]

1. e4 e5 2. f4 d6 3. Nf3 Nd7 4. Bc4 Ngf6 5. d3 c6 6. a3 b5 7. Ba2 Qe7 8. 
O-O Bb7 9. fxe5 dxe5 10. Qe2 Qd8 11. Bg5 Be7 12. Nbd2 Qb6+ 13. Kh1 Bc5 14.
 Nb3 h6 15. Bd2 g5 16. Nxc5 Qxc5 17. Be3 Qd6 18. Nd2 a5 19. Qf2 Rf8 20. h3
c5 21. Nb3 O-O-O 22. Nxc5 Qe7 23. Nxb7 Kxb7 24. Bd2 Ra8 25. b4 a4 26. Rac1
Rab8 27. c4 Kc7 28. c5 Kc6 29. g3 Ne8 30. d4 exd4 31. Bd5+ Kc7 32. Qxd4 
Qe5 33. Qe3 f6 34. Bc3 Qe7 35. c6 Nb6 36. Rfd1 Nd6 37. Re1 Ra8 38. Rc2 
Nbc4 39. Qc1 Ne5 40. Qd1 Rad8 41. Qe2 Ndc4 42. Bb2 Qd6 43. Qf2 Nd3 44. 
Qa7+ 1-0

[Event "Championnat 82"]
[Site "Saint-Antonin Noble val"]
[Date "2024.03.02"]
[Round "3.4"]
[White "AUPETIT, Franck"]
[Black "DELPECH, Xavier"]
[Result "0-1"]
[WhiteElo "1683"]
[BlackElo "1199"]

1. e4 e5 2. Nf3 Nc6 3. Bc4 Nf6 4. Ng5 d5 5. exd5 Nxd5 6. d3 f6 7. Ne4 Na5 
8. Bxd5 Qxd5 9. Nbc3 Qc6 10. O-O b6 11. Be3 Bb7 12. f3 f5 13. Nf2 f4 14. 
Bd2 O-O-O 15. a3 Qf6 16. b4 Nc6 17. Nce4 Qg6 18. Bc3 Bd6 19. Qe2 h5 20. 
Nh3 Kb8 21. Nhg5 Be7 22. h4 Rhe8 23. Bd2 Nd4 24. Qd1 Nf5 25. Qe1 Bxe4 26. 
Nxe4 Nxh4 27. Qe2 Nf5 28. Rac1 Bh4 29. Be1 Bg3 30. Bxg3 Nxg3 31. Nxg3 fxg3
32. Qe4 Qg5 33. Rfe1 Rd4 34. Qe3 Qh4 35. Kf1 Qh1+ 36. Ke2 Qxg2+ 37. Kd1 h4
38. Re2 Qh1+ 39. Kd2 Qh3 40. Qg1 Qf5 41. Rf1 Qf4+ 42. Kc3 h3 43. Kb3 Rh8 
44. Re4 Rxe4 45. fxe4 h2 0-1

[Event "Championnat 82"]
[Site "Saint-Antonin Noble val"]
[Date "2024.03.02"]
[Round "3.6"]
[White "DERVINS, Stéphane"]
[Black "MARTY, Sylvain"]
[Result "1-0"]
[WhiteElo "1485"]
[BlackElo "1199"]

1. e4 e5 2. Bc4 Nf6 3. d4 exd4 4. e5 Ne4 5. Qxd4 Ng5 6. Nc3 Nc6 7. Qf4 Na5
8. Bd3 c6 9. Qxg5 Be7 10. Qxg7 Rf8 11. Bh6 d6 12. O-O-O b5 13. Nf3 Qb6 14.
 exd6 Bxd6 15. Rhe1+ Be6 16. Bf5 Bf4+ 17. Bxf4 b4 18. Rxe6+ fxe6 19. Qd7# 
1-0

[Event "Championnat 82"]
[Site "Saint-Antonin Noble val"]
[Date "2024.03.03"]
[Round "4.1"]
[White "FOL, Jean-Baptiste"]
[Black "GELFERT, Yann"]
[Result "1/2-1/2"]
[WhiteElo "1806"]
[BlackElo "1859"]

1. c4 c5 2. g3 g6 3. Bg2 Bg7 4. e3 Nc6 5. Ne2 Nf6 6. Nbc3 d6 7. O-O O-O 8.
 a4 Rb8 9. b3 Bf5 10. Ba3 Bd3 11. Ra2 Ne5 12. Re1 Qd7 13. Nf4 g5 14. Nxd3 
Nxd3 15. Re2 g4 16. Qc2 Ne5 17. d4 Nf3+ 18. Kh1 cxd4 19. Nb5 Nh5 20. Bb2 
dxe3 21. Bxg7 Nxg7 22. Rxe3 a6 23. Nc3 Nd4 24. Qd1 e5 25. Bd5 Kh8 26. Re4 
f5 27. Rxd4 exd4 28. Qxd4 Rbe8 29. Ne2 Re5 30. Nf4 Qe7 31. Kg2 Rf6 32. Re2
Rxe2 33. Nxe2 Ne6 34. Qb2 Kg7 35. Qd2 h6 36. Bxe6 Qxe6 37. Nf4 Qe4+ 38. 
Kg1 Kf7 39. Qd1 Ke8 40. a5 Kd7 41. Qa1 Rf7 42. Nd5 h5 43. Nf6+ 1/2-1/2

[Event "Championnat 82"]
[Site "Saint-Antonin Noble val"]
[Date "2024.03.03"]
[Round "4.2"]
[White "VERDON, Pierre"]
[Black "GUESDON, Joël"]
[Result "1-0"]
[WhiteElo "1843"]
[BlackElo "1745"]

1. Nc3 e5 2. e4 d6 3. Bc4 Nf6 4. d3 c6 5. f4 exf4 6. Bxf4 Be7 7. Nf3 O-O 
8. O-O h6 9. Kh1 Nh7 10. Qd2 Be6 11. Bb3 Bxb3 12. axb3 a6 13. Ne2 Nd7 14. 
Ng3 Nc5 15. Nf5 Bf6 16. Bxd6 Ne6 17. Bxf8 Nhxf8 18. e5 Bg5 19. Nxg5 hxg5 
20. Nd6 f6 21. Nxb7 Qe7 22. Nd6 Nf4 23. Nc4 c5 24. Rae1 f5 25. Nd6 Qe6 26.
 Qc3 Nd7 27. Qc4 Nd5 28. Rxf5 N7b6 29. Qg4 Nd7 30. Qxg5 N5f6 31. Ref1 Nh7 
32. Qf4 Ndf8 33. Rh5 Ng6 34. Qf7+ Qxf7 35. Nxf7 Rf8 36. e6 Ne7 37. Rxc5 
Ng5 38. Rxg5 1-0

[Event "Championnat 82"]
[Site "Saint-Antonin Noble val"]
[Date "2024.03.03"]
[Round "4.3"]
[White "HADDAB, Roland"]
[Black "TABONE, Yves"]
[Result "1-0"]
[WhiteElo "1771"]
[BlackElo "1666"]

1. e4 d6 2. Nf3 e5 3. Nc3 Nf6 4. d3 c6 5. Bg5 Be7 6. Ne2 Be6 7. Ng3 Nbd7 
8. Be2 h6 9. Bd2 Qc7 10. O-O O-O 11. h3 a5 12. Nh2 d5 13. Ng4 Rfe8 14. f4 
exf4 15. Bxf4 Qb6+ 16. Kh1 Qxb2 17. Rb1 Qxa2 18. e5 Nxg4 19. Bxg4 Bxg4 20.
 Qxg4 Rad8 21. Nf5 Bf8 22. Nxh6+ Kh8 23. Nxf7+ Kg8 24. e6 Nf6 25. Qh4 Rxe6
26. Nxd8 Re2 27. Rbc1 Be7 28. Nxb7 Ne4 29. Qh5 Nf2+ 30. Kh2 Rxc2 31. Rxc2 
Qxc2 32. Qe8+ Bf8 33. Bd6 a4 34. Qxf8+ Kh7 35. Rxf2 Qxd3 36. Qf5+ Qxf5 37.
 Rxf5 d4 38. Kg3 d3 39. Kf2 Kg6 40. Ra5 1-0

[Event "Championnat 82"]
[Site "Saint-Antonin Noble val"]
[Date "2024.03.03"]
[Round "4.4"]
[White "DELPECH, Xavier"]
[Black "DERVINS, Stéphane"]
[Result "1-0"]
[WhiteElo "1683"]
[BlackElo "1485"]

1. d4 Nf6 2. Nc3 d5 3. e4 e6 4. e5 Nfd7 5. Be3 c5 6. Nf3 Nc6 7. Ne2 Qb6 8.
 b3 cxd4 9. Bxd4 Nxd4 10. Nexd4 Qb4+ 11. Qd2 Qxd2+ 12. Kxd2 f6 13. Nxe6 
Kf7 14. Nc7 Rb8 15. Nxd5 Bc5 16. exf6 Nxf6 17. Nxf6 Rd8+ 18. Kc3 Kxf6 19. 
Bd3 Bg4 20. Rad1 Rbc8 21. Kb2 Bd4+ 22. Kb1 g6 23. Be4 Bxf3 24. Bxf3 b6 25.
 Be4 Rc5 26. f3 Rdc8 27. h4 Ke5 28. h5 Kf6 29. hxg6 hxg6 30. Rh6 1-0

[Event "Championnat 82"]
[Site "Saint-Antonin Noble val"]
[Date "2024.03.03"]
[Round "4.5"]
[White "PAGES, Philippe"]
[Black "AUPETIT, Franck"]
[Result "0-1"]
[WhiteElo "1199"]
[BlackElo "1455"]

1. c4 e6 2. Nc3 Nf6 3. e4 d5 4. e5 Ne4 5. Nxe4 dxe4 6. g3 Bc5 7. Ne2 f5 8.
 Nf4 Nc6 9. Qh5+ Ke7 10. d3 g6 11. Nxg6+ hxg6 12. Bg5+ Kf7 13. Bxd8 Rxh5 
14. Bf6 Bd4 15. Be2 Rh7 16. Rb1 Bxe5 17. Bxe5 Nxe5 18. dxe4 fxe4 19. Rd1 
Bd7 20. Rd4 Bc6 21. b4 Nf3+ 22. Bxf3 exf3 23. b5 e5 24. Rd2 Be8 25. Rd3 
Ke7 26. Rxf3 Rd8 27. Re3 Kf6 28. Rf3+ Ke6 29. Re3 Rhd7 30. O-O Rd1 31. f4 
Rxf1+ 32. Kxf1 Rd2 33. Rxe5+ Kf7 34. h4 c6 35. h5 gxh5 36. bxc6 Bxc6 37. 
Rxh5 Rxa2 38. Rf5+ Ke6 39. g4 a5 40. Re5+ Kd7 41. g5 a4 42. g6 Rg2 43. f5 
Rg5 44. Kf2 a3 45. Ra5 a2 46. g7 Rxg7 47. Rxa2 Rg2+ 48. Ke3 Rxa2 0-1

[Event "Championnat 82"]
[Site "Saint-Antonin Noble val"]
[Date "2024.03.03"]
[Round "4.6"]
[White "POULAIN D'ANCELY, Chloé"]
[Black "GUETTAFi, Zaïa"]
[Result "1-0"]
[WhiteElo "1427"]
[BlackElo "1050"]

1. e4 e6 2. d3 Nc6 3. Nf3 g6 4. g3 Bg7 5. Bg2 Nge7 6. Bg5 e5 7. Nc3 d6 8. 
Nd5 Be6 9. Nxe7 Nxe7 10. O-O Qd7 11. c3 Bh3 12. Bxh3 Qxh3 13. Qd2 h6 14. 
Bxe7 f6 15. d4 Kxe7 16. dxe5 fxe5 17. Qd5 c6 18. Qd3 Rhf8 19. Kh1 Qg4 20. 
Nh4 Bf6 21. Ng2 g5 22. Ne3 Qf3+ 23. Kg1 Bg7 24. Rad1 Rf6 25. Nf5+ Qxf5 26.
 exf5 Kd7 27. g4 Bf8 28. Kg2 Be7 29. c4 Bd8 30. Qc3 c5 31. b4 Bb6 32. f3 
Re8 33. bxc5 Bxc5 34. Rd5 Bb6 35. Qb2 Kc8 36. Rfd1 Rd8 37. Rh1 Rff8 38. h4
Be3 39. hxg5 Bxg5 40. c5 Rf6 41. cxd6 Bf4 42. d7+ Kb8 43. Rhd1 Rb6 44. Qc2
Rc6 45. Qe2 a6 46. Rd6 Rc7 47. f6 h5 48. f7 Bh6 49. Qxe5 Bf8 50. R6d5 h4 
51. Rc1 Ka7 52. Qxc7 Be7 53. Qc8 h3+ 54. Kh2 Kb6 55. Rb1+ Ka7 56. Qxb7# 
1-0

[Event "Championnat 82"]
[Site "Saint-Antonin Noble val"]
[Date "2024.03.03"]
[Round "5.1"]
[White "GELFERT, Yann"]
[Black "VERDON, Pierre"]
[Result "1/2-1/2"]
[WhiteElo "1859"]
[BlackElo "1843"]

1. e4 d5 2. exd5 Nf6 3. Nf3 Nxd5 4. d4 Bf5 5. Bd3 Bg6 6. Nc3 e6 7. O-O Nd7
8. Nxd5 exd5 9. Re1+ Be7 10. Bg5 Nf6 11. Bxf6 gxf6 12. Qe2 Kf8 13. Nh4 Qd7
14. Qf3 Re8 15. Nf5 Bd8 16. Rxe8+ Kxe8 17. Re1+ Kf8 18. b3 c6 19. h3 Bc7 
20. a4 h5 21. Rd1 h4 22. Ne3 Qd6 23. Bxg6 fxg6 24. Qg4 Kf7 25. Kf1 Qe6 26.
 Qxe6+ Kxe6 27. Ke2 Rh5 28. Rd3 Rg5 29. Kf1 f5 30. Nd1 Bb6 31. Nc3 Rh5 32.
 f4 Rh8 33. Re3+ Kd6 34. Ne2 c5 35. c3 cxd4 36. cxd4 Rc8 37. Ke1 Rc2 38. 
Kd1 Rb2 39. g3 Ba5 40. gxh4 a6 41. h5 gxh5 42. Ng3 Bb4 43. Nxf5+ Kd7 44. 
Re5 Rxb3 45. Rxd5+ Kc6 46. Re5 Rxh3 47. d5+ Kd7 48. Kc2 h4 49. Re6 b5 50. 
axb5 axb5 51. Rb6 Rc3+ 52. Kb2 Rf3 53. Nxh4 Rxf4 54. Ng6 Bc5 55. Ne5+ Kd8 
56. Nc6+ Kc7 57. Rxb5 Kd6 58. Ne7 Rb4+ 1/2-1/2

[Event "Championnat 82"]
[Site "Saint-Antonin Noble val"]
[Date "2024.03.03"]
[Round "5.2"]
[White "DELPECH, Xavier"]
[Black "FOL, Jean-Baptiste"]
[Result "0-1"]
[WhiteElo "1683"]
[BlackElo "1806"]

1. d4 Nf6 2. Nc3 d5 3. e4 dxe4 4. f3 Nc6 5. Be3 exf3 6. Nxf3 Bg4 7. Bd3 h6
8. O-O Qd7 9. Nb5 a6 10. Nc3 O-O-O 11. Qe2 g5 12. Bxa6 Nxd4 13. Bxb7+ Kxb7
14. Bxd4 Qxd4+ 15. Nxd4 Bxe2 16. Ndxe2 Rd2 17. Rac1 Bg7 18. Ng3 Rhd8 19. 
b3 Ng4 20. Nce4 Bd4+ 21. Kh1 Nf2+ 22. Nxf2 Rxf2 23. Rcd1 Rxf1+ 24. Nxf1 
Rd6 25. Ng3 Be5 26. Rxd6 Bxd6 27. Nf5 h5 28. Kg1 e6 29. Ne3 Bc5 30. Kf2 f5
31. Ke2 Kc6 32. Nc4 Kd5 33. c3 e5 34. Ne3+ Ke6 35. b4 Ba7 36. a4 f4 37. 
Nc2 Kd5 38. Na3 e4 39. a5 g4 40. Nb5 f3+ 41. gxf3 gxf3+ 42. Kf1 Be3 43. 
Nxc7+ Kc6 44. Ne8 Bd2 45. Nf6 e3 46. Ne4 e2+ 47. Kf2 e1=Q+ 48. Kxf3 Qe3+ 
0-1

[Event "Championnat 82"]
[Site "Saint-Antonin Noble val"]
[Date "2024.03.03"]
[Round "5.3"]
[White "AUPETIT, Franck"]
[Black "HADDAB, Roland"]
[Result "1/2-1/2"]
[WhiteElo "1199"]
[BlackElo "1771"]

1. e4 b6 2. d4 e6 3. Nc3 Bb7 4. Nf3 Bb4 5. Bd3 Nf6 6. Qe2 O-O 7. Bd2 c5 8.
 e5 Nd5 9. Nxd5 Bxd2+ 10. Qxd2 Bxd5 11. dxc5 bxc5 12. Qe3 c4 13. Be4 f5 
14. Bxd5 exd5 15. Qc5 Kh8 16. Qxd5 Nc6 17. O-O Rc8 18. a3 Ne7 19. Qd4 Nc6 
20. Qd5 Ne7 21. Qd4 Nc6 1/2-1/2

[Event "Championnat 82"]
[Site "Saint-Antonin Noble val"]
[Date "2024.03.03"]
[Round "5.4"]
[White "TABONE, Yves"]
[Black "POULAIN D'ANCELY, Chloé"]
[Result "1-0"]
[WhiteElo "1666"]
[BlackElo "1427"]

1. e4 e5 2. Nf3 Nf6 3. Nc3 Nc6 4. Bc4 Nxe4 5. Nxe4 d5 6. Bd3 dxe4 7. Bxe4 
g6 8. Bxc6+ bxc6 9. Nxe5 Qe7 10. O-O Qf6 11. Re1 Bg7 12. Ng4+ Qe6 13. 
Rxe6+ Bxe6 14. d4 O-O 15. Ne5 Bxe5 16. dxe5 Rfd8 17. Qf3 Rd5 18. Bh6 Bf5 
19. g4 Rxe5 20. gxf5 Rxf5 21. Qc3 f6 22. Qxc6 Rc8 23. Qe6+ 1-0

[Event "Championnat 82"]
[Site "Saint-Antonin Noble val"]
[Date "2024.03.03"]
[Round "5.5"]
[White "MARTY, Sylvain"]
[Black "GUESDON, Joël"]
[Result "0-1"]
[WhiteElo "1199"]
[BlackElo "1745"]

1. g3 e5 2. Bg2 d6 3. e3 Be7 4. Ne2 c6 5. c3 Nf6 6. b4 a6 7. a4 d5 8. a5 
Be6 9. d3 O-O 10. Nd2 h6 11. O-O Qc8 12. Bb2 Bh3 13. c4 Bxg2 14. Kxg2 Bd6 
15. f3 Nh7 16. c5 Bc7 17. Nb3 f5 18. d4 Qe6 19. Qc2 Nd7 20. h3 Rae8 21. 
Rf2 Qg6 22. f4 exf4 23. exf4 Ndf6 24. Nc3 Ne4 25. Re2 Qxg3+ 26. Kf1 Qxh3+ 
27. Ke1 Qh1# 0-1

[Event "Championnat 82"]
[Site "Saint-Antonin Noble val"]
[Date "2024.03.03"]
[Round "5.6"]
[White "GUETTAFi, Zaïa"]
[Black "PAGES, Philippe"]
[Result "0-1"]
[WhiteElo "1050"]
[BlackElo "1455"]

1. e4 e5 2. Nf3 Nf6 3. Nxe5 Nc6 4. Nxc6 dxc6 5. f3 Bc5 6. c3 Be6 7. d4 Bb6
8. Be3 Qe7 9. Bd3 O-O-O 10. Qe2 h6 11. Nd2 g5 12. a4 a6 13. Bc4 Rhg8 14. 
Bxe6+ Qxe6 15. Nc4 Qe7 16. Bf2 Rde8 17. Nxb6+ cxb6 18. O-O Nd5 19. Rfe1 
Rg6 20. Qd2 Nf4 21. Bg3 Ne6 22. d5 Rd8 23. d6 Qd7 24. e5 f5 25. Bf2 c5 26.
 c4 h5 27. b4 g4 28. Re3 Nd4 29. f4 Rh8 30. Rd3 Ne6 31. g3 Rgh6 32. Rda3 
h4 33. Rd3 Nd4 34. Rxd4 cxd4 35. Qxd4 Qc6 36. d7+ Kd8 37. b5 Qf3 38. Qxb6+
Rxb6 39. Bxb6+ Ke7 40. d8=Q+ Rxd8 41. Bxd8+ Kxd8 42. Ra2 Qd1+ 43. Kf2 Qd4+
44. Ke2 Qxc4+ 0-1

[Event "championnat du 82"]
[Site "Saint-Antonin Noble val"]
[Date "2024.03.03"]
[Round "6.1"]
[White "HADDAB, Roland"]
[Black "FOL, Jean-Baptiste"]
[Result "1-0"]
[WhiteElo "1771"]
[BlackElo "1806"]

1. e4 c5 2. Nf3 Nc6 3. c3 a6 4. d4 e6 5. d5 exd5 6. exd5 Qe7+ 7. Be2 Ne5 
8. O-O d6 9. Nxe5 dxe5 10. Nd2 Nf6 11. Nc4 b5 12. d6 Qe6 13. Nb6 Rb8 14. 
Nxc8 Rxc8 15. a4 Bxd6 16. axb5 axb5 17. Bxb5+ Nd7 18. Ra7 Rd8 19. Qa4 h6 
20. f4 exf4 21. Bd2 O-O 22. Bxd7 Qd5 23. Bc1 Ra8 24. Rxa8 Rxa8 25. Qc6 
Qxc6 26. Bxc6 Ra1 27. c4 Be5 28. g3 fxg3 29. hxg3 f6 30. Kg2 Kf8 31. Be3 
Rxf1 32. Bxc5+ Kf7 33. Kxf1 Bxb2 34. Kf2 Ke6 35. Kf3 g6 36. g4 f5 37. Be8 
fxg4+ 38. Kxg4 Kf6 39. Bb6 Be5 40. Bd8+ Kg7 41. c5 Bf6 42. Ba5 h5+ 43. Kf3
h4 44. c6 h3 45. c7 g5 46. c8=Q h2 47. Kg2 Be5 48. Bc3 1-0

[Event "Championnat 82"]
[Site "Saint-Antonin Noble val"]
[Date "2024.03.03"]
[Round "6.2"]
[White "GUESDON, Joël"]
[Black "GELFERT, Yann"]
[Result "0-1"]
[WhiteElo "1745"]
[BlackElo "1859"]

1. e4 c5 2. Nf3 Nc6 3. d4 cxd4 4. Nxd4 g6 5. Nc3 Bg7 6. Ndb5 a6 7. Na3 Nf6
8. Bd3 O-O 9. Nc4 b5 10. Ne3 Bb7 11. Rb1 e6 12. O-O d5 13. Ng4 Nxg4 14. 
Qxg4 Ne5 15. Qe2 b4 16. Nd1 Nxd3 17. cxd3 a5 18. f4 dxe4 19. Nf2 exd3 20. 
Qd2 Qd5 21. Nxd3 Qxa2 22. Qe2 Qxb1 23. Be3 Qa2 24. Qf2 Ba6 25. Rd1 Bxd3 
0-1

[Event "Championnat 82"]
[Site "Saint-Antonin Noble val"]
[Date "2024.03.03"]
[Round "6.4"]
[White "AUPETIT, Franck"]
[Black "TABONE, Yves"]
[Result "0-1"]
[WhiteElo "1199"]
[BlackElo "1666"]

1. e4 d6 2. d4 Nf6 3. Nc3 Nbd7 4. Nf3 e5 5. dxe5 dxe5 6. a3 h6 7. Be3 Ng4 
8. Qe2 Nxe3 9. Qxe3 Bd6 10. Bc4 O-O 11. O-O Nc5 12. b4 Ne6 13. Rad1 Qe7 
14. Ne2 Nf4 15. c3 Qf6 16. Rfe1 Qg6 17. g3 Bh3 18. Nh4 Qg5 19. f3 Be6 20. 
Nxf4 exf4 21. Qe2 fxg3 22. hxg3 Bxg3 23. Ng2 Bxe1 24. Rxe1 Bxc4 25. Qxc4 
Rad8 26. f4 Qg3 27. Qf1 Rd3 0-1